00361nam a2200145Ia 450000500170000000800410001702000150005808200160007310000140008924500440010326000290014730000130017665000120018965000140020120250214033337.0240331s9999 xx 000 0 und d a8170131375 bISMa954.93 aIsmail, M 0aEarly settlements in Northern Sri Lanka aNew DelhibNavrangc1995 a131 p ., aHistory aGeography